[Event "4NCL 3 South pool B"]
[Site "Reading, ENG"]
[Date "2018.01.13"]
[Round "3.51"]
[White "Fraser-Mitchell, Jeremy N"]
[Black "Thompson, Ian D"]
[Result "1/2-1/2"]
[WhiteElo "2080"]
[BlackElo "2188"]
[PlyCount "42"]
[EventDate "2018.01.13"]

1. d4 d5 2. Nf3 Nf6 3. c4 e6 4. Nc3 c6 5. e3 Nbd7 6. a3 Bd6 7. b4 O-O 8. Bb2
Qe7 9. Qc2 e5 10. cxd5 cxd5 11. dxe5 Nxe5 12. Nb5 Nxf3+ 13. gxf3 Be5 14. Bxe5
Qxe5 15. Rd1 Bd7 16. Qc7 Qxc7 17. Nxc7 Rac8 18. Nb5 a6 19. Nd4 Rc3 20. Ra1 Rfc8
21. Kd2 Kf8 1/2-1/2

[Event "4NCL 3 South pool B"]
[Site "Reading, ENG"]
[Date "2018.01.13"]
[Round "3.52"]
[White "Frostick, Clive A"]
[Black "Tippleston, Charles E"]
[Result "1/2-1/2"]
[WhiteElo "2163"]
[BlackElo "2084"]
[PlyCount "85"]
[EventDate "2018.01.13"]

1. e4 c5 2. Nf3 e6 3. b3 d6 4. Bb2 Nf6 5. e5 dxe5 6. Nxe5 Be7 7. Bb5+ Nbd7 8.
O-O O-O 9. Na3 Nxe5 10. Bxe5 Qa5 11. Ba4 a6 12. c4 Qd8 13. Qe2 Nd7 14. Bxd7
Bxd7 15. Nc2 Bc6 16. Rad1 b5 17. d4 bxc4 18. dxc5 Qc8 19. b4 a5 20. Qxc4 Bd5
21. Qc3 f6 22. Bd4 Qc6 23. Ne3 axb4 24. Nxd5 Qxd5 25. Qxb4 Rfb8 26. Qc3 Qxa2
27. Ra1 Qd5 28. Rxa8 Rxa8 29. Be3 Rc8 30. Rc1 Rc6 31. h3 h6 32. Qc2 e5 33. Rd1
Qe6 34. Qg6 f5 35. Qe8+ Kh7 36. Rd7 Bf6 37. Qxe6 Rxe6 38. Rd6 Rxd6 39. cxd6 Bd8
40. Ba7 Kg8 41. Bb8 Kf7 42. Bc7 Ke8 43. d7+ 1/2-1/2

[Event "4NCL 3 South pool B"]
[Site "Reading, ENG"]
[Date "2018.01.13"]
[Round "3.53"]
[White "Smith, Graham"]
[Black "Farrand, Tom"]
[Result "1/2-1/2"]
[WhiteElo "2040"]
[BlackElo "2158"]
[PlyCount "30"]
[EventDate "2018.01.13"]

1. d4 e6 2. Bf4 b6 3. Nd2 Bb7 4. e4 d6 5. Bd3 Nd7 6. Ngf3 Ne7 7. O-O g6 8. c3
Bg7 9. Qe2 h6 10. h3 g5 11. Bh2 Nf8 12. e5 d5 13. Rfe1 Neg6 14. Qe3 Rg8 15. b4
Bh8 1/2-1/2

[Event "4NCL 3 South pool B"]
[Site "Reading, ENG"]
[Date "2018.01.13"]
[Round "3.54"]
[White "Amato, Giampiero"]
[Black "Freeman, Richard C P"]
[Result "1/2-1/2"]
[WhiteElo "2112"]
[BlackElo "2012"]
[PlyCount "86"]
[EventDate "2018.01.13"]

1. e4 c5 2. Nf3 g6 3. c4 Bg7 4. d4 cxd4 5. Nxd4 Nc6 6. Be3 Nf6 7. Nc3 O-O 8.
Be2 b6 9. O-O Bb7 10. f3 Qb8 11. Qd2 Rd8 12. Rad1 d6 13. Nc2 Rd7 14. Bh6 Qf8
15. Bxg7 Qxg7 16. Ne3 Rad8 17. Qe1 e6 18. Qh4 Ne7 19. Rd2 g5 20. Qf2 Ng6 21.
Rfd1 Nf4 22. Bf1 d5 23. cxd5 exd5 24. Bb5 Rc7 25. exd5 Ne8 26. Ne4 Nd6 27. Nxd6
Rxd6 28. Nf5 Qf6 29. Nxd6 Qxd6 30. Bc6 Bc8 31. Re1 Kg7 32. Qd4+ f6 33. g3 Ng6
34. Kg2 Ne5 35. Bb5 Bb7 36. Be2 Rc5 37. Qf2 Bxd5 38. Red1 g4 39. Kf1 gxf3 40.
Bxf3 Nxf3 41. Qxf3 Bxf3 42. Rxd6 Bxd1 43. Rxd1 Rc2 1/2-1/2

[Event "4NCL 3 South pool B"]
[Site "Reading, ENG"]
[Date "2018.01.13"]
[Round "3.55"]
[White "Elwin, Adrian G"]
[Black "Scrimgour, Alan"]
[Result "1/2-1/2"]
[WhiteElo "2012"]
[BlackElo "2074"]
[PlyCount "56"]
[EventDate "2018.01.13"]

1. d4 Nf6 2. c4 e6 3. Nc3 Bb4 4. Qc2 c5 5. e3 b6 6. Nf3 Bb7 7. a3 Ba5 8. Be2
O-O 9. Bd2 d5 10. cxd5 exd5 11. O-O Nc6 12. Bb5 Bxc3 13. Bxc3 c4 14. Bxc6 Bxc6
15. Ne5 Rc8 16. f4 Ne4 17. Qe2 f6 18. Nf3 Re8 19. Nd2 Nd6 20. Rf3 a5 21. g4 b5
22. f5 Rb8 23. b4 a4 24. Raf1 Ne4 25. Nxe4 Rxe4 26. Rg3 Qe7 27. Rff3 Re8 28.
Qf2 Bd7 1/2-1/2

[Event "4NCL 3 South pool B"]
[Site "Reading, ENG"]
[Date "2018.01.13"]
[Round "3.56"]
[White "Kalitsis, Nikolaos"]
[Black "Habershon, Paul F"]
[Result "0-1"]
[WhiteElo "2047"]
[BlackElo "1988"]
[PlyCount "78"]
[EventDate "2018.01.13"]

1. e4 Nf6 2. e5 Nd5 3. c4 Nb6 4. d4 d6 5. exd6 exd6 6. Bd3 Be7 7. h3 Nc6 8. Nf3
Nb4 9. d5 Nxd3+ 10. Qxd3 O-O 11. Nc3 Re8 12. Be3 Bd7 13. a4 Bg5 14. a5 Bxe3 15.
fxe3 Nc8 16. O-O Qf6 17. e4 Ne7 18. Nd4 Qe5 19. Rf2 a6 20. Raf1 Rf8 21. g4 c5
22. Nf5 Rae8 23. Ng3 Ng6 24. Nf5 Ne7 25. Qf3 Nxf5 26. exf5 Qd4 27. Qf4 Re3 28.
Kg2 Qe5 29. Qxe5 Rxe5 30. Rf3 Rb8 31. f6 g5 32. R3f2 h6 33. Kf3 b6 34. Ra1 b5
35. Ne4 bxc4 36. Nxd6 Rb3+ 37. Kg2 Rxd5 38. Nxc4 Bc6 39. Kh2 Rdd3 0-1

[Event "4NCL 3 South pool B"]
[Site "Reading, ENG"]
[Date "2018.01.13"]
[Round "3.61"]
[White "Moloney, Nicholas R"]
[Black "Mihalik, Agoston"]
[Result "0-1"]
[WhiteElo "2185"]
[BlackElo "2137"]
[PlyCount "108"]
[EventDate "2018.01.13"]

1. d4 Nf6 2. c4 e6 3. Nc3 Bb4 4. e3 b6 5. Nge2 Bb7 6. a3 Bxc3+ 7. Nxc3 d5 8.
cxd5 exd5 9. g3 O-O 10. Bg2 a5 11. O-O Re8 12. Ne2 a4 13. Nc3 Qd7 14. Re1 c5
15. dxc5 bxc5 16. Bd2 c4 17. Re2 Bc6 18. Be1 Na6 19. Rd2 Rad8 20. Ne2 Ne4 21.
Rc2 Nac5 22. Nd4 Rb8 23. f3 Nd6 24. Re2 Nd3 25. Bc3 Rb6 26. Bf1 Ba8 27. Qd2
Reb8 28. Rb1 Nf5 29. Rg2 Ne5 30. Rf2 Rh6 31. Re1 Re8 32. Qc2 Nd6 33. Bb4 Bc6
34. Rd1 Rf6 35. Be2 h5 36. Qd2 Ba8 37. Bf1 Rg6 38. Rg2 Nb5 39. Qf2 Rf6 40. Be2
Ng4 41. fxg4 Rxf2 42. Rxf2 hxg4 43. Nf5 Re4 44. Rdf1 Qb7 45. Bxg4 Rxg4 46. Ne7+
Kh7 47. Rf5 Rg6 48. Nxd5 f6 49. R1f4 Nc7 50. e4 Nxd5 51. exd5 Rg5 52. Rxg5 fxg5
53. Rf5 Qb6+ 54. Kf1 Qe3 0-1

[Event "4NCL 3 South pool B"]
[Site "Reading, ENG"]
[Date "2018.01.13"]
[Round "3.62"]
[White "Truran, Michael C"]
[Black "Farkas, Daniel"]
[Result "0-1"]
[WhiteElo "2193"]
[BlackElo "2089"]
[PlyCount "86"]
[EventDate "2018.01.13"]

1. d4 d5 2. c4 c6 3. Nf3 Nf6 4. Qc2 dxc4 5. Qxc4 g6 6. Nc3 Bg7 7. e4 O-O 8. Be2
Be6 9. Qd3 h6 10. O-O Nbd7 11. h3 Nb6 12. Rd1 Bc4 13. Qc2 Bxe2 14. Qxe2 e6 15.
e5 Nfd5 16. Ne4 Qc7 17. b3 a5 18. a4 Nb4 19. h4 N6d5 20. h5 Qe7 21. Nh2 Qh4 22.
hxg6 fxg6 23. g3 Qe7 24. Ng4 g5 25. Kg2 Qf7 26. Rh1 Qg6 27. f3 Rad8 28. Bd2 h5
29. Ngf2 h4 30. Bxb4 axb4 31. Nd3 hxg3 32. Kxg3 Nc3 33. Nxc3 bxc3 34. Qe3 Rf4
35. Nc5 Rfxd4 36. Nxb7 R8d5 37. a5 Bxe5+ 38. Kg2 Rd2+ 39. Kf1 Bd4 40. Qe4 Rf2+
41. Ke1 Re5 42. Qxe5 Bxe5 43. Kxf2 Qc2+ 0-1

[Event "4NCL 3 South pool B"]
[Site "Reading, ENG"]
[Date "2018.01.13"]
[Round "3.63"]
[White "Okhai, Shabir"]
[Black "Martin, Lewis"]
[Result "1-0"]
[WhiteElo "2078"]
[BlackElo "2074"]
[PlyCount "75"]
[EventDate "2018.01.13"]

1. e4 c5 2. Nf3 d6 3. Bb5+ Nd7 4. O-O Ngf6 5. Re1 a6 6. Bf1 e6 7. c3 Be7 8. d4
cxd4 9. cxd4 b5 10. a4 b4 11. Nbd2 a5 12. Bb5 O-O 13. Bc6 Ra7 14. e5 dxe5 15.
dxe5 Ng4 16. Bb5 Bb7 17. h3 Nh6 18. Nc4 Nf5 19. Nd4 Nc5 20. Nxf5 exf5 21. Be3
f4 22. Bxf4 Nd3 23. Be3 Qd5 24. Qg4 h5 25. Qg3 Ra6 26. Bxa6 Bxa6 27. Bh6 g6 28.
Ne3 Qc5 29. Bxf8 Kxf8 30. Red1 h4 31. Qf3 Kg7 32. Qd5 Qxd5 33. Nxd5 Bc5 34. Rd2
Nxe5 35. Rc1 Bf8 36. Rc7 Bd6 37. Ra7 Bc8 38. Nb6 1-0

[Event "4NCL 3 South pool B"]
[Site "Reading, ENG"]
[Date "2018.01.13"]
[Round "3.64"]
[White "Tucker, David S"]
[Black "Millward, Kevin P"]
[Result "1-0"]
[WhiteElo "2080"]
[BlackElo "2048"]
[PlyCount "123"]
[EventDate "2018.01.13"]

1. e4 d5 2. exd5 Qxd5 3. Nc3 Qd6 4. d4 Nf6 5. Nf3 Bg4 6. h3 Bh5 7. g4 Bg6 8.
Ne5 c6 9. Bf4 Qd8 10. Bg2 Nd5 11. Nxd5 cxd5 12. O-O Be4 13. Bxe4 dxe4 14. c3 f6
15. Qa4+ Nd7 16. Nxd7 Qxd7 17. Qxd7+ Kxd7 18. Rfe1 h5 19. Rxe4 e6 20. Rae1 Re8
21. Bg3 hxg4 22. hxg4 g5 23. Kg2 Bd6 24. f4 gxf4 25. Bxf4 b5 26. Rf1 Rhf8 27.
Bxd6 Kxd6 28. Ref4 Rg8 29. Rh1 Re7 30. Rh5 f5 31. Kg3 Reg7 32. Rh4 Kd5 33. Kf3
fxg4+ 34. Rhxg4 Rxg4 35. Rxg4 Rf8+ 36. Ke3 Rf1 37. Rg5+ Kc6 38. Rc5+ Kb6 39.
Re5 Rb1 40. Rxe6+ Kb7 41. Kd3 Rxb2 42. Re2 Rb1 43. Kc2 Ra1 44. Kb2 Rd1 45. a3
Kb6 46. Re6+ Kb7 47. Re5 Kb6 48. Rh5 a6 49. Rh6+ Kb7 50. Rd6 Rg1 51. Re6 Rd1
52. Re2 Kb6 53. Kb3 Rb1+ 54. Rb2 Rf1 55. a4 Rd1 56. axb5 axb5 57. Kc2 Rg1 58.
c4 Rg2+ 59. Kc3 Rxb2 60. c5+ Ka5 61. Kxb2 b4 62. c6 1-0

[Event "4NCL 3 South pool B"]
[Site "Reading, ENG"]
[Date "2018.01.13"]
[Round "3.65"]
[White "Niccoli, Tony"]
[Black "Onslow, Alfie"]
[Result "1-0"]
[WhiteElo "2020"]
[BlackElo "2117"]
[PlyCount "55"]
[EventDate "2018.01.13"]

1. e4 c5 2. c3 Nf6 3. e5 Nd5 4. d4 cxd4 5. cxd4 e6 6. Nf3 d6 7. Bc4 Nc6 8. O-O
Be7 9. Qe2 O-O 10. Nc3 Nxc3 11. bxc3 b6 12. Bd3 d5 13. Qc2 h6 14. Bf4 a5 15.
Qe2 Re8 16. Rfe1 Bf8 17. Rab1 Bd7 18. Bc2 a4 19. Qd3 g6 20. Qe3 Kh7 21. h4 Ne7
22. g4 Qc7 23. h5 Rec8 24. Rbc1 Bg7 25. Kg2 Rh8 26. Rh1 Ng8 27. Ng5+ hxg5 28.
hxg6# 1-0

[Event "4NCL 3 South pool B"]
[Site "Reading, ENG"]
[Date "2018.01.13"]
[Round "3.66"]
[White "Richmond, Peter"]
[Black "George, Matthew P"]
[Result "1/2-1/2"]
[WhiteElo "2089"]
[BlackElo "2013"]
[PlyCount "82"]
[EventDate "2018.01.13"]

1. e4 d5 2. exd5 Qxd5 3. Nc3 Qd8 4. Nf3 Nf6 5. Bc4 a6 6. a4 Nc6 7. d3 Bg4 8. h3
Bh5 9. g4 Bg6 10. Qe2 e6 11. Bf4 Bd6 12. Bg5 Bb4 13. Bd2 Nd4 14. Nxd4 Qxd4 15.
Qe3 Qd6 16. Qf3 c6 17. Rd1 h5 18. g5 Nd7 19. O-O Ne5 20. Qf4 Nxc4 21. Qxc4 Qe7
22. h4 O-O-O 23. Rfe1 Bc5 24. Be3 Bxe3 25. Rxe3 Qd6 26. Ne2 Bf5 27. Ng3 Qd5 28.
Qxd5 Rxd5 29. Rde1 g6 30. Nxf5 Rxf5 31. Kg2 Rd8 32. Rf3 Rdd5 33. Re4 Kc7 34. b3
a5 35. d4 Rxf3 36. Kxf3 Kd8 37. Ke3 b6 38. c4 Rd7 39. Re5 Kc7 40. Ke4 Kd6 41.
f4 Rb7 1/2-1/2

[Event "4NCL 3 South pool B"]
[Site "Reading, ENG"]
[Date "2018.01.13"]
[Round "3.71"]
[White "Jones, Christopher M"]
[Black "Stephens, John KF"]
[Result "1/2-1/2"]
[WhiteElo "2128"]
[BlackElo "2000"]
[PlyCount "54"]
[EventDate "2018.01.13"]

1. e4 c5 2. Nc3 Nc6 3. g3 g6 4. Bg2 Bg7 5. Nge2 d6 6. O-O e6 7. d3 Rb8 8. Be3
Nd4 9. Qd2 b5 10. Nd1 Ne7 11. c3 Nxe2+ 12. Qxe2 O-O 13. Qd2 Re8 14. d4 Qc7 15.
dxc5 dxc5 16. Bf4 e5 17. Bh6 Rd8 18. Qc1 Bh8 19. Ne3 Be6 20. Qc2 Rd6 21. Rfd1
Rbd8 22. Bf1 c4 23. a4 a6 24. Be2 Qc6 25. axb5 axb5 26. Rxd6 Rxd6 27. Nf1 Bc8
1/2-1/2

[Event "4NCL 3 South pool B"]
[Site "Reading, ENG"]
[Date "2018.01.13"]
[Round "3.72"]
[White "Littlejohns, David P"]
[Black "Josse, Mark"]
[Result "0-1"]
[WhiteElo "1986"]
[BlackElo "2155"]
[PlyCount "110"]
[EventDate "2018.01.13"]

1. e4 c5 2. c3 d5 3. exd5 Qxd5 4. d4 Nf6 5. Nf3 e6 6. Be2 Nc6 7. O-O cxd4 8.
cxd4 Be7 9. Nc3 Qd6 10. Be3 O-O 11. Qd2 b6 12. Rfd1 Nb4 13. Bf4 Qd8 14. Rac1
Bb7 15. a3 Nbd5 16. Nxd5 Nxd5 17. Bg3 Rc8 18. Rxc8 Qxc8 19. Rc1 Qa8 20. Rc2 Rd8
21. Qc1 h6 22. Bb5 a6 23. Bc6 Rc8 24. Bxb7 Rxc2 25. Qxc2 Qxb7 26. h3 b5 27. Be5
Nb6 28. Bf4 a5 29. Ne5 a4 30. Nf3 Qc8 31. Qxc8+ Nxc8 32. Kf1 Nb6 33. Ke2 Nc4
34. Bc1 Kf8 35. Kd3 Ke8 36. g3 f6 37. Nd2 Nb6 38. Ne4 Kd7 39. Bd2 Kc6 40. Be1
Nc4 41. Bc3 f5 42. Nd2 Kd5 43. Nxc4 bxc4+ 44. Ke3 g5 45. Ba5 Bf6 46. Bc3 h5 47.
f3 Bg7 48. f4 g4 49. hxg4 hxg4 50. Kd2 Bxd4 51. Ke1 Bxc3+ 52. bxc3 e5 53. fxe5
Kxe5 54. Kf2 f4 55. gxf4+ Kxf4 0-1

[Event "4NCL 3 South pool B"]
[Site "Reading, ENG"]
[Date "2018.01.13"]
[Round "3.73"]
[White "Compton, Alistair"]
[Black "Evans, Craig"]
[Result "1-0"]
[WhiteElo "2082"]
[BlackElo "2007"]
[PlyCount "79"]
[EventDate "2018.01.13"]

1. e4 e5 2. Nf3 Nc6 3. Bb5 Nf6 4. Nc3 Bd6 5. d3 h6 6. O-O O-O 7. Ne2 Re8 8. c3
a5 9. Ng3 Na7 10. Ba4 b5 11. Bc2 Bb7 12. Re1 Bf8 13. d4 d6 14. h3 c5 15. d5 Nc8
16. Nf5 Kh7 17. g4 g6 18. Ng3 Nb6 19. Nh2 Bc8 20. h4 Ng8 21. Qf3 Qf6 22. Qxf6
Nxf6 23. g5 Ng8 24. Kg2 h5 25. f4 exf4 26. Bxf4 Nc4 27. e5 dxe5 28. Nxh5 Bb7
29. Ng4 Bxd5+ 30. Kg1 Bg7 31. Nxg7 Kxg7 32. Nxe5 Rad8 33. Nxc4 Bxc4 34. b3
Rxe1+ 35. Rxe1 Be6 36. Rd1 Rxd1+ 37. Bxd1 Ne7 38. Bd6 Nd5 39. Bxc5 Nxc3 40.
Bd4+ 1-0

[Event "4NCL 3 South pool B"]
[Site "Reading, ENG"]
[Date "2018.01.13"]
[Round "3.74"]
[White "Davies, Matthew"]
[Black "Piper, Stephen J"]
[Result "1-0"]
[WhiteElo "2006"]
[BlackElo "2060"]
[PlyCount "69"]
[EventDate "2018.01.13"]

1. d4 g6 2. c4 Bg7 3. Nf3 Nf6 4. Nc3 O-O 5. e4 d6 6. Be2 Nc6 7. O-O e5 8. d5
Ne7 9. Nd2 Ne8 10. b4 f5 11. a4 Nf6 12. a5 f4 13. c5 g5 14. f3 Ng6 15. a6 b6
16. Nb5 Ne8 17. Qc2 Bd7 18. Bb2 Rf6 19. Rfc1 h5 20. Ra3 Bf8 21. cxd6 cxd6 22.
Rc3 Be7 23. Na3 g4 24. Bb5 gxf3 25. Bxd7 Qxd7 26. Nxf3 Rd8 27. Rc8 Rf7 28. Qc6
Qxc8 29. Qxc8 Rxc8 30. Rxc8 Rf8 31. Nb5 Kf7 32. Nxa7 Bf6 33. Nc6 Ne7 34. Nxe7
Bxe7 35. a7 1-0

[Event "4NCL 3 South pool B"]
[Site "Reading, ENG"]
[Date "2018.01.13"]
[Round "3.75"]
[White "Gibson, Christopher A"]
[Black "Hassall, Mark I"]
[Result "0-1"]
[WhiteElo "1910"]
[BlackElo "1938"]
[PlyCount "50"]
[EventDate "2018.01.13"]

1. e4 c5 2. c3 Nf6 3. e5 Nd5 4. d4 cxd4 5. cxd4 e6 6. Nf3 Nc6 7. Bc4 d6 8. O-O
Be7 9. Qe2 O-O 10. Re1 Nb6 11. Bd3 Nb4 12. exd6 Qxd6 13. Nc3 Nxd3 14. Qxd3 Bd7
15. Ne5 Bc6 16. Bf4 Rfd8 17. Qg3 Qb4 18. Rad1 Bf8 19. Nxc6 bxc6 20. a3 Qxb2 21.
Be5 Qxa3 22. Re3 Qe7 23. Ne4 Nd5 24. Rb3 f6 25. Bd6 Rxd6 0-1

[Event "4NCL 3 South pool B"]
[Site "Reading, ENG"]
[Date "2018.01.13"]
[Round "3.76"]
[White "Gregory, Andrew M"]
[Black "Jaszkiwskyj, Peter"]
[Result "1/2-1/2"]
[WhiteElo "2002"]
[BlackElo "1906"]
[PlyCount "63"]
[EventDate "2018.01.13"]

1. d4 d5 2. Nf3 Nf6 3. e3 c5 4. Be2 Nc6 5. c3 e6 6. O-O Bd6 7. Nbd2 O-O 8. dxc5
Bxc5 9. b4 Bd6 10. b5 Ne7 11. Qb3 b6 12. Bb2 Bb7 13. Rfd1 Ng6 14. c4 Qe7 15.
cxd5 Bxd5 16. Bc4 Rac8 17. Bxd5 Nxd5 18. Ne4 Bb4 19. Nd4 Qh4 20. f4 Nge7 21. a3
Bc5 22. Rac1 Bxd4 23. Bxd4 Nf5 24. g3 Qh5 25. Qd3 Nxd4 26. exd4 Qg6 27. Kf2 Nf6
28. Nxf6+ Qxf6 29. Rc6 Qe7 30. Rdc1 Rcd8 31. Ke3 Rd7 32. a4 1/2-1/2

[Event "4NCL 3 South pool B"]
[Site "Reading, ENG"]
[Date "2018.01.13"]
[Round "3.81"]
[White "Higgs, Anthony R J"]
[Black "Healey, Michael W"]
[Result "1/2-1/2"]
[WhiteElo "2072"]
[BlackElo "2146"]
[PlyCount "132"]
[EventDate "2018.01.13"]

1. d4 Nf6 2. Bf4 b5 3. a4 b4 4. Nd2 Bb7 5. Ngf3 e6 6. e3 Be7 7. h3 O-O 8. Bd3
c5 9. O-O Nc6 10. Qe2 d5 11. dxc5 Na5 12. e4 dxe4 13. Nxe4 Nxe4 14. Bxe4 Bxe4
15. Qxe4 Bxc5 16. Rad1 Qe7 17. Ng5 g6 18. Nf3 f6 19. Rfe1 Rfe8 20. Be3 Bxe3 21.
Rxe3 Rac8 22. Red3 Rc7 23. Nd4 Nb7 24. Nb3 a5 25. Qe3 e5 26. Qe4 Qf7 27. Qd5 e4
28. Qxf7+ Kxf7 29. Rd7+ Re7 30. Rxe7+ Kxe7 31. Rd2 Nc5 32. Nxa5 Nxa4 33. b3 Nc3
34. Kh2 Rc5 35. Nc4 f5 36. Ne3 f4 37. Nc4 g5 38. g3 Rf5 39. Kg2 e3 40. fxe3 Ne4
41. Rd4 f3+ 42. Kf1 Nxg3+ 43. Kf2 Nh1+ 44. Kf1 h5 45. Nd2 f2 46. Kg2 h4 47.
Kxh1 f1=Q+ 48. Nxf1 Rxf1+ 49. Kg2 Rc1 50. Rxb4 Rxc2+ 51. Kf3 Rh2 52. Kg4 Rg2+
53. Kf5 Rg3 54. Rb7+ Kd6 55. e4 Rf3+ 56. Kxg5 Rxh3 57. Kg4 Rg3+ 58. Kxh4 Re3
59. Kg5 Rxe4 60. Kf5 Re1 61. Rb4 Kc5 62. Rc4+ Kb5 63. Rf4 Re3 64. b4 Rb3 65.
Ke5 Rxb4 66. Rxb4+ Kxb4 1/2-1/2

[Event "4NCL 3 South pool B"]
[Site "Reading, ENG"]
[Date "2018.01.13"]
[Round "3.82"]
[White "McKenna, Jason P"]
[Black "Graham, Cassie M"]
[Result "1-0"]
[WhiteElo "2107"]
[BlackElo "2012"]
[PlyCount "53"]
[EventDate "2018.01.13"]

1. e4 c5 2. Nf3 d6 3. d4 cxd4 4. Nxd4 Nf6 5. Nc3 g6 6. Be3 Bg7 7. f3 O-O 8. Qd2
Nc6 9. Bc4 Bd7 10. h4 Rc8 11. Bb3 Ne5 12. O-O-O Nc4 13. Bxc4 Rxc4 14. h5 Qa5
15. hxg6 fxg6 16. Nb3 Qa6 17. Bh6 Rxc3 18. bxc3 Qxa2 19. Bxg7 Kxg7 20. g4 Rf7
21. e5 Qa3+ 22. Kb1 Ne8 23. Qd5 Bc6 24. Rxh7+ Kxh7 25. Qxf7+ Kh6 26. g5+ Kh5
27. Rh1+ 1-0

[Event "4NCL 3 South pool B"]
[Site "Reading, ENG"]
[Date "2018.01.13"]
[Round "3.83"]
[White "Salmons, Calum"]
[Black "Cole, James"]
[Result "0-1"]
[WhiteElo "1982"]
[BlackElo "2057"]
[PlyCount "96"]
[EventDate "2018.01.13"]

1. e4 c6 2. Nc3 d5 3. Nf3 Bg4 4. h3 Bxf3 5. Qxf3 e6 6. d4 dxe4 7. Nxe4 Qxd4 8.
Bd3 Nd7 9. c3 Qd5 10. Bf4 Ngf6 11. O-O Nc5 12. Nxf6+ gxf6 13. Qxd5 cxd5 14.
Bb5+ Nd7 15. Rfd1 O-O-O 16. Rac1 a6 17. Bxd7+ Rxd7 18. c4 d4 19. c5 e5 20. Bg3
Bh6 21. c6 Rd5 22. Rc2 Rhd8 23. Rd3 R8d6 24. cxb7+ Kxb7 25. f3 Be3+ 26. Kf1 Rc6
27. Rxc6 Kxc6 28. b4 f5 29. Ke2 e4 30. Rd1 Bg5 31. f4 Bd8 32. Bf2 Bb6 33. Bg1
Kb5 34. a3 Ka4 35. Kd2 Rd7 36. Rc1 Rc7 37. Ra1 e3+ 38. Ke2 Rc3 39. g4 fxg4 40.
hxg4 Kb3 41. g5 Kb2 42. Rd1 Rc1 43. Rxc1 Kxc1 44. Kd3 Kd1 45. a4 e2 46. Bf2
e1=Q 47. Bxe1 Kxe1 48. a5 Ba7 0-1

[Event "4NCL 3 South pool B"]
[Site "Reading, ENG"]
[Date "2018.01.13"]
[Round "3.84"]
[White "Alizada, Eldar"]
[Black "Batchelor, Paul A"]
[Result "1-0"]
[WhiteElo "2050"]
[BlackElo "1952"]
[PlyCount "81"]
[EventDate "2018.01.13"]

1. d4 Nf6 2. c4 g6 3. Nc3 Bg7 4. e4 d6 5. f3 O-O 6. Be3 c5 7. dxc5 dxc5 8. Qxd8
Rxd8 9. Bxc5 Nc6 10. Rd1 Nd7 11. Ba3 Bxc3+ 12. bxc3 Kf8 13. Ne2 b6 14. Nf4 Bb7
15. Be2 Rac8 16. Nd5 Ke8 17. Kf2 e6 18. Ne3 Nc5 19. Rxd8+ Rxd8 20. Rd1 Rxd1 21.
Nxd1 Nd7 22. Nb2 Ncb8 23. Bd6 Na6 24. Nd3 Nac5 25. Ke3 f6 26. Nxc5 Nxc5 27. e5
f5 28. h4 Bc6 29. Kd4 Nd7 30. c5 Bd5 31. c4 Bc6 32. cxb6 axb6 33. c5 bxc5+ 34.
Bxc5 Kd8 35. Bd6 Kc8 36. Bc4 Nb6 37. Bxe6+ Kb7 38. h5 Bb5 39. h6 Be8 40. Bg8
Na4 41. Bxh7 1-0

[Event "4NCL 3 South pool B"]
[Site "Reading, ENG"]
[Date "2018.01.13"]
[Round "3.85"]
[White "Sutton, Daniel"]
[Black "Burrows, Nick"]
[Result "1/2-1/2"]
[WhiteElo "1930"]
[BlackElo "2027"]
[PlyCount "84"]
[EventDate "2018.01.13"]

1. e4 c6 2. Nf3 d5 3. exd5 cxd5 4. Ne5 Nc6 5. d4 Nf6 6. Bb5 Bd7 7. Nxd7 Qxd7 8.
O-O e6 9. Bf4 a6 10. Be2 Bd6 11. Bxd6 Qxd6 12. c3 O-O 13. Nd2 Rfc8 14. f4 b5
15. a3 Na5 16. b4 Nc4 17. Nxc4 bxc4 18. Qc2 Ne4 19. f5 exf5 20. Rxf5 g6 21.
Rff1 f5 22. Rae1 Re8 23. g4 fxg4 24. Bxg4 Re7 25. Re2 Rae8 26. Bf3 Ng5 27. Rxe7
Nxf3+ 28. Rxf3 Qxe7 29. Qd2 Qh4 30. Rg3 Qe4 31. a4 Qb1+ 32. Kf2 Qh1 33. Rg2
Rf8+ 34. Kg3 Qb1 35. Qe3 Qf1 36. Qe6+ Kg7 37. Qe5+ Kh6 38. Qe3+ g5 39. a5 Rf4
40. Qe2 Qb1 41. Qe6+ Kh5 42. Qe8+ Kh6 1/2-1/2

[Event "4NCL 3 South pool B"]
[Site "Reading, ENG"]
[Date "2018.01.13"]
[Round "3.86"]
[White "Starkie, Ray J"]
[Black "Finn, Thomas"]
[Result "1/2-1/2"]
[WhiteElo "2005"]
[BlackElo "1885"]
[PlyCount "88"]
[EventDate "2018.01.13"]

1. d4 d5 2. Bf4 Nf6 3. e3 c5 4. c3 Nc6 5. Nf3 Qb6 6. Qc2 e6 7. Nbd2 Be7 8. h3
Bd7 9. Be2 Rc8 10. Qb3 O-O 11. O-O c4 12. Qxb6 axb6 13. a3 Na5 14. Ne5 Ba4 15.
g4 Nd7 16. Nxd7 Bxd7 17. Rae1 g5 18. Bg3 f5 19. f4 h6 20. Bf3 Bc6 21. Bd1 b5
22. Nf3 Bd6 23. Ne5 Bxe5 24. fxe5 fxg4 25. Bxg4 Bd7 26. Bf3 Nb3 27. Rd1 Rf7 28.
Bh5 Rxf1+ 29. Kxf1 Rf8+ 30. Ke2 Kg7 31. h4 Be8 32. Bg4 Bg6 33. Rg1 Bf5 34. Bxf5
Rxf5 35. Bf4 Kg6 36. hxg5 hxg5 37. Bg3 Kh5 38. Rh1+ Kg4 39. Bf2 Nd2 40. Rh6 Ne4
41. Be1 Ng3+ 42. Kd2 Nf1+ 43. Ke2 Ng3+ 44. Kd2 Nf1+ 1/2-1/2